<?xml version="1.0" encoding="UTF-8"?>
<record
    xmlns:xsi="http://www.w3.org/2001/XMLSchema-instance"
    xsi:schemaLocation="http://www.loc.gov/MARC21/slim http://www.loc.gov/standards/marcxml/schema/MARC21slim.xsd"
    xmlns="http://www.loc.gov/MARC21/slim">

  <leader>00677nam a22001577a 4500</leader>
  <controlfield tag="003">OSt</controlfield>
  <controlfield tag="005">20151130151409.0</controlfield>
  <controlfield tag="008">151130b        xxu||||| |||| 00| 0 eng d</controlfield>
  <datafield tag="040" ind1=" " ind2=" ">
    <subfield code="c">RUA</subfield>
  </datafield>
  <datafield tag="082" ind1=" " ind2=" ">
    <subfield code="a">FIS KER 1999 B169 Or.1</subfield>
  </datafield>
  <datafield tag="100" ind1=" " ind2=" ">
    <subfield code="9">4034</subfield>
    <subfield code="a">KER, NARET.</subfield>
  </datafield>
  <datafield tag="245" ind1=" " ind2=" ">
    <subfield code="a">An assessment of table fish marketing channel and the demand of table fish in the project areas, &#x1780;&#x17B6;&#x179A;&#x179C;&#x17B6;&#x1799;&#x178F;&#x17C6;&#x1780;&#x17C3;&#x179B;&#x17BE;&#x1794;&#x178E;&#x17D2;&#x178A;&#x17B6;&#x1789;&#x1791;&#x17B8;&#x1795;&#x17D2;&#x179F;&#x17B6;&#x179A;&#x178F;&#x17D2;&#x179A;&#x17B8;&#x179F;&#x17B6;&#x1785;&#x17CB;&#x1793;&#x17B7;&#x1784;&#x178F;&#x17C6;&#x179A;&#x17BC;&#x179C;&#x1780;&#x17B6;&#x179A;&#x179F;&#x17B6;&#x1785;&#x17CB;&#x1793;&#x17C5;&#x1780;&#x17D2;&#x1793;&#x17BB;&#x1784;&#x178F;&#x17C6;&#x1794;&#x1793;&#x17CB;&#x179A;&#x1794;&#x179F;&#x17CB;&#x1782;&#x17D2;&#x179A;&#x17C4;&#x1784;&#x1780;&#x17B6;&#x179A;&#x178E;&#x17CD;</subfield>
  </datafield>
  <datafield tag="260" ind1=" " ind2=" ">
    <subfield code="a">Phnom Penh</subfield>
    <subfield code="b">RUA</subfield>
    <subfield code="c">1999</subfield>
  </datafield>
  <datafield tag="300" ind1=" " ind2=" ">
    <subfield code="a">42p.</subfield>
    <subfield code="b">ill.</subfield>
    <subfield code="c">29cm.</subfield>
  </datafield>
  <datafield tag="942" ind1=" " ind2=" ">
    <subfield code="2">ddc</subfield>
    <subfield code="c">FIS</subfield>
  </datafield>
  <datafield tag="999" ind1=" " ind2=" ">
    <subfield code="c">3757</subfield>
    <subfield code="d">3757</subfield>
  </datafield>
  <datafield tag="952" ind1=" " ind2=" ">
    <subfield code="0">0</subfield>
    <subfield code="1">0</subfield>
    <subfield code="2">ddc</subfield>
    <subfield code="4">0</subfield>
    <subfield code="6">FIS_KER_1999_000000000000000_B169_OR_1</subfield>
    <subfield code="7">0</subfield>
    <subfield code="9">18869</subfield>
    <subfield code="a">LBB</subfield>
    <subfield code="b">LBB</subfield>
    <subfield code="c">B169</subfield>
    <subfield code="d">2015-11-30</subfield>
    <subfield code="o">FIS KER 1999 B169 Or.1</subfield>
    <subfield code="p">RUA025588</subfield>
    <subfield code="r">2015-11-30</subfield>
    <subfield code="w">2015-11-30</subfield>
    <subfield code="y">FIS</subfield>
  </datafield>
  <datafield tag="952" ind1=" " ind2=" ">
    <subfield code="0">0</subfield>
    <subfield code="1">0</subfield>
    <subfield code="2">ddc</subfield>
    <subfield code="4">0</subfield>
    <subfield code="6">FIS_KER_1999_000000000000000_B169_OR_2</subfield>
    <subfield code="7">0</subfield>
    <subfield code="9">18870</subfield>
    <subfield code="a">LBB</subfield>
    <subfield code="b">LBB</subfield>
    <subfield code="c">B169</subfield>
    <subfield code="d">2015-11-30</subfield>
    <subfield code="l">5</subfield>
    <subfield code="o">FIS KER 1999 B169 Or.2</subfield>
    <subfield code="p">RUA025514</subfield>
    <subfield code="r">2020-08-24</subfield>
    <subfield code="s">2020-08-12</subfield>
    <subfield code="w">2015-11-30</subfield>
    <subfield code="y">FIS</subfield>
  </datafield>
  <datafield tag="952" ind1=" " ind2=" ">
    <subfield code="0">0</subfield>
    <subfield code="1">0</subfield>
    <subfield code="2">ddc</subfield>
    <subfield code="4">0</subfield>
    <subfield code="6">FIS_KER_1999_000000000000000_B169_OR_3</subfield>
    <subfield code="7">0</subfield>
    <subfield code="9">18871</subfield>
    <subfield code="a">LBB</subfield>
    <subfield code="b">LBB</subfield>
    <subfield code="c">B169</subfield>
    <subfield code="d">2015-11-30</subfield>
    <subfield code="o">FIS KER 1999 B169 Or.3</subfield>
    <subfield code="p">RUA025954</subfield>
    <subfield code="r">2015-11-30</subfield>
    <subfield code="w">2015-11-30</subfield>
    <subfield code="y">FIS</subfield>
  </datafield>
  <datafield tag="952" ind1=" " ind2=" ">
    <subfield code="0">0</subfield>
    <subfield code="1">0</subfield>
    <subfield code="2">ddc</subfield>
    <subfield code="4">0</subfield>
    <subfield code="6">FIS_KER_1999_000000000000000_B169_OR_4</subfield>
    <subfield code="7">0</subfield>
    <subfield code="9">18872</subfield>
    <subfield code="a">LBB</subfield>
    <subfield code="b">LBB</subfield>
    <subfield code="c">B169</subfield>
    <subfield code="d">2015-11-30</subfield>
    <subfield code="o">FIS KER 1999 B169 Or.4</subfield>
    <subfield code="p">RUA025633</subfield>
    <subfield code="r">2015-11-30</subfield>
    <subfield code="w">2015-11-30</subfield>
    <subfield code="y">FIS</subfield>
  </datafield>
  <datafield tag="952" ind1=" " ind2=" ">
    <subfield code="0">0</subfield>
    <subfield code="1">0</subfield>
    <subfield code="2">ddc</subfield>
    <subfield code="4">0</subfield>
    <subfield code="6">FIS_KER_1999_000000000000000_B169_OR_5</subfield>
    <subfield code="7">0</subfield>
    <subfield code="9">18873</subfield>
    <subfield code="a">LBB</subfield>
    <subfield code="b">LBB</subfield>
    <subfield code="c">B169</subfield>
    <subfield code="d">2015-11-30</subfield>
    <subfield code="o">FIS KER 1999 B169 Or.5</subfield>
    <subfield code="p">RUA025659</subfield>
    <subfield code="r">2015-11-30</subfield>
    <subfield code="w">2015-11-30</subfield>
    <subfield code="y">FIS</subfield>
  </datafield>
  <datafield tag="952" ind1=" " ind2=" ">
    <subfield code="0">0</subfield>
    <subfield code="1">0</subfield>
    <subfield code="2">ddc</subfield>
    <subfield code="4">0</subfield>
    <subfield code="6">FIS_KER_1999_000000000000000_B169_OR_6</subfield>
    <subfield code="7">0</subfield>
    <subfield code="9">18874</subfield>
    <subfield code="a">LBB</subfield>
    <subfield code="b">LBB</subfield>
    <subfield code="c">B169</subfield>
    <subfield code="d">2015-11-30</subfield>
    <subfield code="o">FIS KER 1999 B169 Or.6</subfield>
    <subfield code="p">RUA025515</subfield>
    <subfield code="r">2015-11-30</subfield>
    <subfield code="w">2015-11-30</subfield>
    <subfield code="y">FIS</subfield>
  </datafield>
  <datafield tag="952" ind1=" " ind2=" ">
    <subfield code="0">0</subfield>
    <subfield code="1">0</subfield>
    <subfield code="2">ddc</subfield>
    <subfield code="4">0</subfield>
    <subfield code="6">FIS_KER_1999_000000000000000_B169_OR_7</subfield>
    <subfield code="7">0</subfield>
    <subfield code="9">18875</subfield>
    <subfield code="a">LBB</subfield>
    <subfield code="b">LBB</subfield>
    <subfield code="c">B169</subfield>
    <subfield code="d">2015-11-30</subfield>
    <subfield code="o">FIS KER 1999 B169 Or.7</subfield>
    <subfield code="p">RUA027057</subfield>
    <subfield code="r">2015-11-30</subfield>
    <subfield code="w">2015-11-30</subfield>
    <subfield code="y">FIS</subfield>
  </datafield>
  <datafield tag="952" ind1=" " ind2=" ">
    <subfield code="0">0</subfield>
    <subfield code="1">0</subfield>
    <subfield code="2">ddc</subfield>
    <subfield code="4">0</subfield>
    <subfield code="6">FIS_KER_1999_000000000000000_B169_OR_8</subfield>
    <subfield code="7">0</subfield>
    <subfield code="9">18876</subfield>
    <subfield code="a">LBB</subfield>
    <subfield code="b">LBB</subfield>
    <subfield code="c">B169</subfield>
    <subfield code="d">2015-11-30</subfield>
    <subfield code="o">FIS KER 1999 B169 Or.8</subfield>
    <subfield code="p">RUA027042</subfield>
    <subfield code="r">2015-11-30</subfield>
    <subfield code="w">2015-11-30</subfield>
    <subfield code="y">FIS</subfield>
  </datafield>
  <datafield tag="952" ind1=" " ind2=" ">
    <subfield code="0">0</subfield>
    <subfield code="1">0</subfield>
    <subfield code="2">ddc</subfield>
    <subfield code="4">0</subfield>
    <subfield code="6">FIS_KER_1999_000000000000000_B169_OR_9</subfield>
    <subfield code="7">0</subfield>
    <subfield code="9">18877</subfield>
    <subfield code="a">LBB</subfield>
    <subfield code="b">LBB</subfield>
    <subfield code="c">B169</subfield>
    <subfield code="d">2015-11-30</subfield>
    <subfield code="l">1</subfield>
    <subfield code="o">FIS KER 1999 B169 Or.9</subfield>
    <subfield code="p">RUA043274</subfield>
    <subfield code="r">2016-11-18</subfield>
    <subfield code="s">2016-10-10</subfield>
    <subfield code="w">2015-11-30</subfield>
    <subfield code="y">FIS</subfield>
  </datafield>
</record>
